000 00225nam a2200097Ia 4500
008 190216s9999||||xx |||||||||||||| ||und||
100 _aAdhappa Shave
245 0 _aAgola Engineering
260 _bKerala Basha Inst
942 _cBK
999 _c39444
_d39444